Statistics for NBA 2018 draft picks

Click here to take the quiz!

General Stats

  • This quiz has been taken 6 times
  • The average score is 14 of 30

Answer Stats

PickPlayerTeam% Correct
1Deandre AytonSuns
100%
4Jaren Jackson JrGrizzles
100%
3Luka DoncicMavs (Via hawks)
100%
10Mikal BridgesSuns
100%
12Miles BridgesHornets (Via Clippers)
100%
5Trae YoungHawks (Via Mavs)
100%
2Marvin Bagley IIIKings
83%
11Shai Gilgeous-AlexanderClippers (Via hornets)
83%
8Collin SextonCavs
67%
6Mo BambaMagic
67%
7Wendell Carter JrBulls
67%
9Kevin KnoxKnicks
50%
14Michael Porter JrNuggets
50%
27Robert Williams IIICeltics
50%
24Anfernee SimonsTrail Blazers
33%
21Grayson AllenJazz
33%
13Jerome RobinsonClippers
33%
19Kevin HuerterHawks
33%
16Zhaire Smith76ers
33%
20Josh OkogieTimberwolves
17%
25Mortiz WagnerLakers
17%
30Omari SpellmanHawks
17%
15Troy Brown JrWizards
17%
23Aaron HolidayPacers
0%
22Chandler HutchinsonBulls
0%
17Donte DiVincenzoBucks
0%
29Dzanan MusaNets
0%
28Jacob EvansWarriors
0%
26Landry Shamet76ers
0%
18Lonnie Walker IVSpurs
0%

Score Distribution

Percentile by Number Answered

Percent of People with Each Score

Your Score History

You have not taken this quiz